000 00879cab a2200313 4500
001 ABS53939
008 090401t1995 xxu||||| |||| 00| 0 eng d
035 _a(Sirsi) u7534
041 _aeng
245 _aFocus `95: The City of London and Docklands
260 _c1995
350 _a0
490 _aEstates Gazette
_v(9547) 25 November 1995, 99-139(24)
650 _aBANKING SECTOR
650 _aCANARY WHARF
650 _aCITY OF LONDON
650 _aEMPLOYMENT
650 _aHOTELS
650 _aINVESTMENT MARKET
650 _aLONDON DOCKLANDS
650 _aOFFICE DEVELOPMENT
650 _aOFFICE RENTS
650 _aRELOCATION
650 _aPROPERTY-COMMERCIAL PROPERTY-RETAIL PROPERTY-RETAIL PROPERTY MARKET
650 _aSUPPLY AND DEMAND
690 _aPROPERTY-COMMERCIAL PROPERTY-COMMERCIAL PROPERTY MARKET
942 _n0
948 _c04/03/1997
999 _c4565
_d4565